| 000 -LEADER |
| fixed length control field |
01496nam a22003857a 4500 |
| 001 - CONTROL NUMBER |
| control field |
2052749 |
| 003 - CONTROL NUMBER IDENTIFIER |
| control field |
OSt |
| 005 - DATE AND TIME OF LATEST TRANSACTION |
| control field |
20210426101410.0 |
| 008 - FIXED-LENGTH DATA ELEMENTS--GENERAL INFORMATION |
| fixed length control field |
931105r19941993nyuaf b 001 0 eng |
| 010 ## - LIBRARY OF CONGRESS CONTROL NUMBER |
| LC control number |
93042199 |
| 020 ## - INTERNATIONAL STANDARD BOOK NUMBER |
| International Standard Book Number |
0679751254 |
| 040 ## - CATALOGING SOURCE |
| Original cataloging agency |
DLC |
| Transcribing agency |
DLC |
| Modifying agency |
DLC |
| Language of cataloging |
eng |
| 041 ## - LANGUAGE CODE |
| Language code of text/sound track or separate title |
eng |
| 043 ## - GEOGRAPHIC AREA CODE |
| Geographic area code |
e-ur--- |
| 050 00 - LIBRARY OF CONGRESS CALL NUMBER |
| Classification number |
DK288 |
| Item number |
.R46 1994 |
| 080 ## - UNIVERSAL DECIMAL CLASSIFICATION NUMBER |
| Universal Decimal Classification number |
94 |
| Item number |
R-42 |
| 082 00 - DEWEY DECIMAL CLASSIFICATION NUMBER |
| Classification number |
947.085/4 |
| Edition number |
20 |
| 100 1# - MAIN ENTRY--PERSONAL NAME |
| Personal name |
Remnick, David. |
| 245 10 - TITLE STATEMENT |
| Title |
Lenin's tomb : |
| Remainder of title |
the last days of the soviet empire / |
| Statement of responsibility, etc. |
/ by: Vintage Books |
| 250 ## - EDITION STATEMENT |
| Edition statement |
1st Vintage Books edition |
| 260 ## - PUBLICATION, DISTRIBUTION, ETC. |
| Place of publication, distribution, etc. |
New York |
| Name of publisher, distributor, etc. |
Vintage Books |
| Date of publication, distribution, etc. |
1994. |
| 300 ## - PHYSICAL DESCRIPTION |
| Extent |
xii, 588 p., [22] p. of plates |
| Other physical details |
ill. |
| Dimensions |
21 cm. |
| 365 ## - TRADE PRICE |
| Price amount |
15 usd |
| 500 ## - GENERAL NOTE |
| General note |
Originally published: New York : Random House, 1993. |
| 500 ## - GENERAL NOTE |
| General note |
"With a new afterword by the author"--Cover. |
| 504 ## - BIBLIOGRAPHY, ETC. NOTE |
| Bibliography, etc. note |
Includes bibliographical references (p. [561]-564) and index. |
| 650 #0 - SUBJECT ADDED ENTRY--TOPICAL TERM |
| 9 (RLIN) |
475 |
| Topical term or geographic name entry element |
History of Russia |
| 651 #0 - SUBJECT ADDED ENTRY--GEOGRAPHIC NAME |
| Geographic name |
Soviet Union |
| General subdivision |
Politics and government |
| Chronological subdivision |
1985-1991. |
| 653 ## - INDEX TERM--UNCONTROLLED |
| Uncontrolled term |
რუსეთის ისტორია |
| 856 42 - ELECTRONIC LOCATION AND ACCESS |
| Materials specified |
Publisher description |
| Uniform Resource Identifier |
<a href="http://www.loc.gov/catdir/description/random048/93042199.html">http://www.loc.gov/catdir/description/random048/93042199.html</a> |
| 856 42 - ELECTRONIC LOCATION AND ACCESS |
| Materials specified |
Contributor biographical information |
| Uniform Resource Identifier |
<a href="http://www.loc.gov/catdir/enhancements/fy1405/93042199-b.html">http://www.loc.gov/catdir/enhancements/fy1405/93042199-b.html</a> |
| 906 ## - LOCAL DATA ELEMENT F, LDF (RLIN) |
| a |
7 |
| b |
cbc |
| c |
orignew |
| d |
1 |
| e |
ocip |
| f |
19 |
| g |
y-gencatlg |
| 942 ## - ADDED ENTRY ELEMENTS (KOHA) |
| Source of classification or shelving scheme |
|
| Koha item type |
Books |
| Edition |
1 |